000 03289cam a22012374i 4500
003 PE-LiUPU
005 20250813185438.0
008 150623s2000 pe a r 000 0 d
020 _a9972755339
035 _a(Sirsi) i9789972755330
040 _aPE-LiUPU
_bspa
_cPE-LiUPU
_erda
049 _aPRUA
082 0 4 _a306.0985
_bP62
_221
245 0 0 _aPatrimonio cultural del Perú.
_n1.
264 1 _aLima :
_bFondo Editorial del Congreso del Perú,
_c2000.
300 _a400 páginas :
_bilustraciones láms. ;
_c21 centímetros
336 _atext
_2rdacontent
337 _aunmediated
_2rdamedia
338 _avolume
_2rdacarrier
505 0 _aEstado y cultura : conservación del patrimonio cultural del Perú. Patrimonio cultural del Perú: ouesta en valor. Instituciones y patrimonio cultural.
526 _aP202
526 _aP201
526 _aP163
526 _aP162
526 _aP161
526 _aP160
526 _aP148
526 _aP147
526 _aP146
526 _aP145
526 _aP144
526 _aP143
526 _aP142
526 _aP141
526 _aP140
526 _aP139
526 _aP138
526 _aP137
526 _aP136
526 _aP135
526 _aP134
526 _aP133
526 _aP129
526 _aP128
526 _aP127
526 _aP120
526 _aP119
526 _aP118
526 _aP116
526 _aP115
526 _aP114
526 _aP110
526 _aP109
526 _aP108
526 _aP104
526 _aP103
526 _aP102
526 _aP99
526 _aP98
526 _aP97
526 _aP96
526 _aP95
526 _aP93
526 _aP90
526 _aP89
526 _aP88
526 _aP83
526 _aP82
526 _aP62
526 _aP59
526 _aP58
526 _aP57
526 _aP51
526 _aP49
526 _aP48
526 _aP47
526 _aP29
526 _aP24
526 _aP20
526 _aP19
526 _aP17
526 _aP15
526 _aP14
526 _aP12
526 _aP10
526 _aP09
526 _aP08
526 _aP07
526 _aP06
526 _aP05
526 _aP04
526 _aP01
650 0 4 _aPatrimonio cultural
_zPerú.
_95007
700 1 _aAlva, Walter,
_eed.
700 1 _aDeTrazegnies, Fernando
700 1 _aLumbreras, Luis ..[et. al],
_eed.
942 _2ddc
_cBOOK
949 _a306.0985 P62 1
_wDEWEY
_c1
_i50544
_lCCODEBUL1
_mBUL
_r0
_sY
_tBOOK
_u2015-6-24
_xEDUCACION
_zUNKNOWN
_0COMPRA
_o.STAFF. Colección General
949 _a306.0985 P62 1
_wDEWEY
_c2
_i75051
_lCCODEBUL1
_mBUL
_p10.00
_r0
_sY
_tBOOK
_u2016-10-18
_xEDUCACION
_0DONACION
_o.STAFF. Colección Teología
994 _aC0
_bPEPRU
596 _a1
999 _a306.0985 P62 1
_wDEWEY
_c32413
_i50544
_e2017-2-13
_f2021-11-4
_g5
_lCCODEBUL1
_mBUL
_n1
_r0
_sY
_tBOOK
_u2015-6-24
_xBIBLIOTECA
_zUNKNOWN
_0COMPRA
_o.STAFF. Colección General
_d32413
999 _a306.0985 P62 1
_wDEWEY
_c2
_i75051
_f2021-11-8
_g5
_lCCODEBUL1
_mBUL
_p10.00
_r0
_sY
_tBOOK
_u2016-10-18
_xEDUCACION
_PP14
_0COMPRA
_o.STAFF. Colección Teología
980 _81
_gALBERTO SANCHEZ Responsable de Automatización